<?xml version="1.0" encoding="UTF-8"?>
<record
    xmlns:xsi="http://www.w3.org/2001/XMLSchema-instance"
    xsi:schemaLocation="http://www.loc.gov/MARC21/slim http://www.loc.gov/standards/marcxml/schema/MARC21slim.xsd"
    xmlns="http://www.loc.gov/MARC21/slim">

  <leader>00850nam a22002177a 4500</leader>
  <datafield tag="999" ind1=" " ind2=" ">
    <subfield code="c">164220</subfield>
    <subfield code="d">164220</subfield>
  </datafield>
  <controlfield tag="005">20190802103112.0</controlfield>
  <datafield tag="010" ind1=" " ind2=" ">
    <subfield code="a">B-728301</subfield>
  </datafield>
  <datafield tag="020" ind1=" " ind2=" ">
    <subfield code="c">1295.00</subfield>
  </datafield>
  <datafield tag="035" ind1=" " ind2=" ">
    <subfield code="a">B-728301</subfield>
  </datafield>
  <datafield tag="037" ind1=" " ind2=" ">
    <subfield code="b">Aksharesh Enterprises</subfield>
  </datafield>
  <datafield tag="082" ind1=" " ind2=" ">
    <subfield code="a">340</subfield>
  </datafield>
  <datafield tag="245" ind1=" " ind2=" ">
    <subfield code="a">Solved papers of judicial service examinations for preliminary examinations /</subfield>
    <subfield code="c">by Abhimanu Kumar Singla...[et al]</subfield>
  </datafield>
  <datafield tag="250" ind1=" " ind2=" ">
    <subfield code="a">14th ed</subfield>
  </datafield>
  <datafield tag="260" ind1=" " ind2=" ">
    <subfield code="a">Delhi</subfield>
    <subfield code="b">Singhal Law Publications</subfield>
    <subfield code="c">2019</subfield>
  </datafield>
  <datafield tag="270" ind1=" " ind2=" ">
    <subfield code="a">157, Bhagat Colony, Sant Nagar</subfield>
    <subfield code="b">Delhi</subfield>
    <subfield code="e">110084</subfield>
  </datafield>
  <datafield tag="300" ind1=" " ind2=" ">
    <subfield code="a">xvi, 1581p.</subfield>
    <subfield code="c">24cm(pbk)</subfield>
  </datafield>
  <datafield tag="500" ind1=" " ind2=" ">
    <subfield code="a">Answers with explanations</subfield>
  </datafield>
  <datafield tag="700" ind1=" " ind2=" ">
    <subfield code="a">Singla,Abhimanu Kumar </subfield>
  </datafield>
  <datafield tag="942" ind1=" " ind2=" ">
    <subfield code="2">ddc</subfield>
    <subfield code="c">EN</subfield>
    <subfield code="h">340</subfield>
    <subfield code="m">SOL</subfield>
  </datafield>
  <datafield tag="952" ind1=" " ind2=" ">
    <subfield code="0">0</subfield>
    <subfield code="1">0</subfield>
    <subfield code="4">0</subfield>
    <subfield code="7">0</subfield>
    <subfield code="8">NFIC</subfield>
    <subfield code="a">BL1</subfield>
    <subfield code="b">BL1</subfield>
    <subfield code="d">2019-05-14</subfield>
    <subfield code="e">Aksharesh Enterprises/0016/06-05-19/04/23-04-19/08-05-19</subfield>
    <subfield code="g">1295.00</subfield>
    <subfield code="l">10</subfield>
    <subfield code="m">10</subfield>
    <subfield code="o">340 SOL</subfield>
    <subfield code="p">B-728301</subfield>
    <subfield code="r">2023-02-17 00:00:00</subfield>
    <subfield code="s">2023-02-04</subfield>
    <subfield code="t">1</subfield>
    <subfield code="v">1295.00</subfield>
    <subfield code="w">2019-05-14</subfield>
    <subfield code="y">EN</subfield>
  </datafield>
</record>
